MARC details
| 000 -LEADER |
| fixed length control field |
01975nam a22005057a 4500 |
| 001 - CONTROL NUMBER |
| control field |
378 |
| 003 - CONTROL NUMBER IDENTIFIER |
| control field |
FISKH |
| 005 - DATE AND TIME OF LATEST TRANSACTION |
| control field |
20240530084007.0 |
| 008 - FIXED-LENGTH DATA ELEMENTS--GENERAL INFORMATION |
| fixed length control field |
230330b cb ||||| |||| 00| 0 eng d |
| 010 ## - LIBRARY OF CONGRESS CONTROL NUMBER |
| LC control number |
201929670 |
| 020 ## - INTERNATIONAL STANDARD BOOK NUMBER |
| International Standard Book Number |
9780340999080 |
| 035 ## - SYSTEM CONTROL NUMBER |
| System control number |
(OCoLC)on1051134219 |
| 040 ## - CATALOGING SOURCE |
| Original cataloging agency |
YDX |
| Language of cataloging |
eng |
| Transcribing agency |
YDX |
| Modifying agency |
BDX |
| -- |
OCLCQ |
| -- |
YVR |
| -- |
JSE |
| -- |
ZQP |
| -- |
OCLCF |
| -- |
OCLCO |
| -- |
DLC |
| -- |
FISKH |
| 042 ## - AUTHENTICATION CODE |
| Authentication code |
lccopycat |
| 050 00 - LIBRARY OF CONGRESS CALL NUMBER |
| Classification number |
PZ7.C83535 |
| Item number |
Ho 2019 |
| 082 04 - DEWEY DECIMAL CLASSIFICATION NUMBER |
| Classification number |
823.92 |
| Edition number |
23 |
| 100 1# - MAIN ENTRY--PERSONAL NAME |
| Personal name |
Cowell, Cressida, |
| Relator term |
author. |
| 245 10 - TITLE STATEMENT |
| Title |
How to train your dragon / |
| Statement of responsibility, etc. |
by Cressida Cowell. |
| Remainder of title |
How to be a pirate |
| 264 #1 - PRODUCTION, PUBLICATION, DISTRIBUTION, MANUFACTURE, AND COPYRIGHT NOTICE |
| Place of production, publication, distribution, manufacture |
London : |
| Name of producer, publisher, distributor, manufacturer |
Hodder Children's Books |
| Date of production, publication, distribution, manufacture, or copyright notice |
2010. |
| 300 ## - PHYSICAL DESCRIPTION |
| Extent |
225 pages : |
| Other physical details |
illustrations ; |
| Dimensions |
20 cm. |
| 336 ## - CONTENT TYPE |
| Content type term |
text |
| Source |
rdacontent |
| 337 ## - MEDIA TYPE |
| Media type term |
unmediated |
| Source |
rdamedia |
| 338 ## - CARRIER TYPE |
| Carrier type term |
volume |
| Source |
rdacarrier |
| 490 1# - SERIES STATEMENT |
| Series statement |
How to train your dragon ; |
| Volume/sequential designation |
book 1 |
| 500 ## - GENERAL NOTE |
| General note |
Originally published in 2003 by Hodder Children's Books in Great Britain"--Page facing title page. |
| 505 ## - FORMATTED CONTENTS NOTE |
| Formatted contents note |
U |
| 520 ## - SUMMARY, ETC. |
| Summary, etc. |
Chronicles the adventures and misadventures of Hiccup Horrendous Haddock the Third as he tries to pass the important initiation test of his Viking clan, the Tribe of the Hairy Hooligans, by catching and training a dragon. |
| 521 8# - TARGET AUDIENCE NOTE |
| Target audience note |
990 <br/> |
| Source |
Lexile |
| 521 8# - TARGET AUDIENCE NOTE |
| Target audience note |
U <br/> |
| Source |
Raz-Plus |
| 650 #0 - SUBJECT ADDED ENTRY--TOPICAL TERM |
| Topical term or geographic name entry element |
Vikings |
| Form subdivision |
Juvenile fiction. |
| 650 #0 - SUBJECT ADDED ENTRY--TOPICAL TERM |
| Topical term or geographic name entry element |
Dragons |
| Form subdivision |
Juvenile fiction. |
| 650 #0 - SUBJECT ADDED ENTRY--TOPICAL TERM |
| Topical term or geographic name entry element |
Humorous stories. |
| 650 #1 - SUBJECT ADDED ENTRY--TOPICAL TERM |
| Topical term or geographic name entry element |
Vikings |
| Form subdivision |
Fiction. |
| 650 #1 - SUBJECT ADDED ENTRY--TOPICAL TERM |
| Topical term or geographic name entry element |
Dragons |
| Form subdivision |
Fiction. |
| 650 #1 - SUBJECT ADDED ENTRY--TOPICAL TERM |
| Topical term or geographic name entry element |
Humorous stories. |
| 650 #7 - SUBJECT ADDED ENTRY--TOPICAL TERM |
| Topical term or geographic name entry element |
Dragons. |
| Source of heading or term |
fast |
| Authority record control number or standard number |
(OCoLC)fst00897397 |
| 650 #7 - SUBJECT ADDED ENTRY--TOPICAL TERM |
| Topical term or geographic name entry element |
Humorous stories. |
| Source of heading or term |
fast |
| Authority record control number or standard number |
(OCoLC)fst00963818 |
| 650 #7 - SUBJECT ADDED ENTRY--TOPICAL TERM |
| Topical term or geographic name entry element |
Vikings. |
| Source of heading or term |
fast |
| Authority record control number or standard number |
(OCoLC)fst01166937 |
| 655 #7 - INDEX TERM--GENRE/FORM |
| Genre/form data or focus term |
Fiction. |
| Source of term |
fast |
| Authority record control number or standard number |
(OCoLC)fst01423787 |
| 655 #7 - INDEX TERM--GENRE/FORM |
| Genre/form data or focus term |
Juvenile works. |
| Source of term |
fast |
| Authority record control number or standard number |
(OCoLC)fst01411637 |
| 800 1# - SERIES ADDED ENTRY--PERSONAL NAME |
| Personal name |
Cowell, Cressida. |
| Title of a work |
How to train your dragon ; |
| Volume/sequential designation |
bk. 1. |
| 906 ## - LOCAL DATA ELEMENT F, LDF (RLIN) |
| a |
7 |
| b |
cbc |
| c |
copycat |
| d |
2 |
| e |
ncip |
| f |
20 |
| g |
y-gencatlg |
| 942 ## - ADDED ENTRY ELEMENTS (KOHA) |
| Source of classification or shelving scheme |
Dewey Decimal Classification |
| Koha item type |
Books |
| Suppress in OPAC |
No |